[Event "NK senioren en veteranen 2015"]
[Site "Oosterbeek"]
[Date "2015.07.04"]
[Round "1"]
[White "Reulink, Fred"]
[Black "Van den Berg, Ad"]
[Result "0-1"]
[WhiteElo "2025"]
[BlackElo "2199"]
[PlyCount "86"]
[EventDate "2015.??.??"]

1. c4 e5 2. Nc3 d6 3. g3 Be6 4. d3 c6 5. Bg2 Nf6 6. e4 Be7 7. Nge2 O-O 8. O-O
d5 9. d4 dxc4 10. d5 Bc8 11. a4 Re8 12. a5 Bb4 13. Qa4 c5 14. Qb5 Na6 15. Bg5
Rb8 16. Bxf6 gxf6 17. Qxc4 Bxa5 18. f4 Bg4 19. Bf3 Bd7 20. Qd3 Bb6 21. Kh1 Nb4
22. Qd2 c4 23. fxe5 fxe5 24. Bh5 Rf8 25. Na4 Bxa4 26. Qxb4 Bc2 27. Nc3 Qg5 28.
Bf3 Rbc8 29. Qb5 Bd3 30. Qd7 Bxf1 31. Rxf1 Bd4 32. Ne2 Bxb2 33. Qxb7 Bd4 34. d6
c3 35. h4 Qg6 36. d7 Rb8 37. Qd5 Qe6 38. Nf4 exf4 39. Qxd4 Qh3+ 40. Kg1 Qxg3+
41. Kh1 Qxh4+ 42. Kg1 c2 43. Qc3 Qg3+ 0-1

[Event "NK senioren en veteranen 2015"]
[Site "Oosterbeek"]
[Date "2015.07.04"]
[Round "1"]
[White "Homs, Guust"]
[Black "Huysman, Arie"]
[Result "1/2-1/2"]
[WhiteElo "2188"]
[BlackElo "2020"]
[PlyCount "47"]
[EventDate "2015.??.??"]

1. e4 e5 2. Nf3 Nc6 3. Nc3 Nf6 4. d4 exd4 5. Nxd4 Bb4 6. Nxc6 bxc6 7. Bd3 d5 8.
exd5 cxd5 9. O-O O-O 10. Bg5 c6 11. Qf3 h6 12. Bxf6 Qxf6 13. Qxf6 gxf6 14. Ne2
Rb8 15. Rab1 Bd6 16. Ng3 Be6 17. f4 c5 18. c3 c4 19. Bc2 Bc5+ 20. Kh1 d4 21.
cxd4 Bxd4 22. b3 cxb3 23. Bxb3 Rfd8 24. Ne2 1/2-1/2

[Event "NK senioren en veteranen 2015"]
[Site "Oosterbeek"]
[Date "2015.07.04"]
[Round "1"]
[White "Toorman, Jan"]
[Black "Vogel, Jaap"]
[Result "0-1"]
[WhiteElo "2013"]
[BlackElo "2173"]
[PlyCount "106"]
[EventDate "2015.??.??"]

1. e4 e6 2. d4 d5 3. Nc3 Bb4 4. Nge2 Nf6 5. e5 Nfd7 6. a3 Be7 7. f4 g6 8. Be3
b6 9. Qd2 Ba6 10. g3 c5 11. Bg2 Nc6 12. h4 Bxe2 13. Nxe2 h5 14. c3 Na5 15. Nc1
Rc8 16. Qe2 Qc7 17. O-O cxd4 18. Bxd4 Qc4 19. Bf3 Bc5 20. Qxc4 Nxc4 21. Nd3
Bxd4+ 22. cxd4 Ne3 23. Rfc1 Ke7 24. Rxc8 Rxc8 25. Rc1 Rxc1+ 26. Nxc1 Nf5 27.
Ne2 Nb8 28. Kf2 Nc6 29. b4 Ncxd4 30. Nxd4 Nxd4 31. Bd1 Nb5 32. a4 Nd4 33. b5 f6
34. Ke3 Nf5+ 35. Kf2 Kf7 36. Bc2 Nd4 37. Bd1 Kg7 38. Kg2 Nf5 39. Kf3 Nh6 40.
Ke3 Kf7 41. Bf3 Nf5+ 42. Kf2 Kg7 43. Bd1 fxe5 44. fxe5 Kh6 45. Kf3 g5 46. hxg5+
Kxg5 47. Kf2 h4 48. gxh4+ Nxh4 49. Ke3 Ng6 50. Bb3 Nxe5 51. Bxd5 exd5 52. Kd4
Nc4 53. Kxd5 Nb2 0-1

[Event "NK senioren en veteranen 2015"]
[Site "Oosterbeek"]
[Date "2015.07.04"]
[Round "1"]
[White "Van Oosten, Arend"]
[Black "Hoynck van Papendrecht, Fr"]
[Result "1-0"]
[WhiteElo "2154"]
[BlackElo "2011"]
[PlyCount "63"]
[EventDate "2015.??.??"]

1. e4 Nf6 2. e5 Nd5 3. d4 d6 4. c4 Nb6 5. f4 dxe5 6. fxe5 Nc6 7. Be3 Bf5 8. Nc3
e6 9. Be2 Be7 10. Nf3 O-O 11. O-O Bg6 12. Qd2 a5 13. d5 exd5 14. cxd5 Nb4 15.
Bxb6 cxb6 16. d6 Re8 17. dxe7 Qxd2 18. Nxd2 Rxe7 19. Nc4 Rc8 20. Nxb6 Rc5 21.
Rad1 h5 22. Rd8+ Kh7 23. Nd7 Rc7 24. Nf8+ Kh6 25. Nxg6 Kxg6 26. a3 Nc6 27. Bd3+
Kg5 28. Ne4+ Kg6 29. Ng3+ Kg5 30. Rf5+ Kg4 31. Be2+ Kh4 32. Rxh5# 1-0

[Event "NK senioren en veteranen 2015"]
[Site "Oosterbeek"]
[Date "2015.07.04"]
[Round "1"]
[White "Schouten, Nico"]
[Black "Lootsma, Jan"]
[Result "1/2-1/2"]
[WhiteElo "2143"]
[BlackElo "1986"]
[PlyCount "93"]
[EventDate "2015.??.??"]

1. d4 e6 2. Nf3 d5 3. Bg5 Nf6 4. e3 Be7 5. Bd3 Nbd7 6. O-O a6 7. Nbd2 b5 8. a4
b4 9. c4 c5 10. Qe2 Bb7 11. Rfd1 O-O 12. Nb3 dxc4 13. Bxc4 Nd5 14. Bxe7 Qxe7
15. a5 Rfc8 16. Rac1 cxd4 17. Nbxd4 N7f6 18. Bd3 Qd6 19. Nd2 Nf4 20. exf4 Qxd4
21. Rxc8+ Rxc8 22. Bxa6 Bxa6 23. Qxa6 Rd8 24. Qb6 Qd5 25. f3 h6 26. a6 Ra8 27.
Qxb4 Rxa6 28. Rc1 Rd6 29. Nf1 Rd8 30. Ne3 Qd3 31. Qc3 Qd6 32. Rd1 Nd5 33. Qd4
Qa6 34. f5 Rd7 35. fxe6 fxe6 36. Qc4 Qb6 37. Rd3 Rc7 38. Qe4 Rc1+ 39. Kf2 Rc2+
40. Kg3 Re2 41. Rxd5 exd5 42. Qxd5+ Kh8 43. Qa8+ Kh7 44. Qe4+ Qg6+ 45. Qxg6+
Kxg6 46. Nc4 Rc2 47. b3 1/2-1/2

[Event "NK senioren en veteranen 2015"]
[Site "Oosterbeek"]
[Date "2015.07.04"]
[Round "1"]
[White "Caljé, Tom"]
[Black "Van Lanen, Toon"]
[Result "1/2-1/2"]
[WhiteElo "1983"]
[BlackElo "2141"]
[PlyCount "34"]
[EventDate "2015.??.??"]

1. d4 d5 2. Nc3 Nf6 3. Bg5 Bf5 4. f3 c6 5. e3 Qb6 6. Rb1 Nbd7 7. f4 e6 8. Bd3
Bg6 9. Nf3 Bb4 10. O-O Bh5 11. Ne2 Bxf3 12. Rxf3 Be7 13. c3 O-O-O 14. b3 h6 15.
Bxf6 Bxf6 16. c4 c5 17. b4 dxc4 1/2-1/2

[Event "NK senioren en veteranen 2015"]
[Site "Oosterbeek"]
[Date "2015.07.04"]
[Round "1"]
[White "Stap, Kees"]
[Black "Holscher, Peter"]
[Result "1/2-1/2"]
[WhiteElo "2132"]
[BlackElo "1979"]
[PlyCount "61"]
[EventDate "2015.??.??"]

1. c4 f5 2. g3 Nf6 3. Bg2 g6 4. Nc3 Bg7 5. e4 fxe4 6. Nxe4 O-O 7. Ne2 d6 8. d4
c6 9. Nxf6+ Bxf6 10. Be3 Qa5+ 11. Nc3 Qb4 12. Qb3 a5 13. O-O Bf5 14. Rfc1 Na6
15. Be4 a4 16. Qd1 Bxe4 17. Nxe4 Nc7 18. Nxf6+ Rxf6 19. a3 Qa5 20. b4 Qf5 21.
Ra2 Ne8 22. Rac2 Rf7 23. d5 Nf6 24. dxc6 bxc6 25. Qe2 Rb8 26. c5 d5 27. Bd4 Ne4
28. f4 Rb5 29. Rf1 Qh3 30. Qg2 Qxg2+ 31. Kxg2 1/2-1/2

[Event "NK senioren en veteranen 2015"]
[Site "Oosterbeek"]
[Date "2015.07.04"]
[Round "1"]
[White "Selten, Jan"]
[Black "Landsbergen, Ron"]
[Result "1-0"]
[WhiteElo "2109"]
[BlackElo "1963"]
[PlyCount "43"]
[EventDate "2015.??.??"]

1. e4 e5 2. Bc4 Nf6 3. Nf3 Nc6 4. Ng5 d5 5. exd5 Na5 6. d3 h6 7. Nf3 Bg4 8. h3
Bxf3 9. Qxf3 e4 10. Qe2 Nxc4 11. dxc4 Bc5 12. Be3 Qe7 13. Nd2 O-O 14. O-O Rae8
15. Rfe1 a5 16. Bxc5 Qxc5 17. Qe3 Qd6 18. Re2 c5 19. Rae1 b6 20. Qg3 e3 21.
Qxd6 exd2 22. Qxf8+ 1-0

[Event "NK senioren en veteranen 2015"]
[Site "Oosterbeek"]
[Date "2015.07.04"]
[Round "1"]
[White "Pols, Leendert"]
[Black "Markus, John"]
[Result "1/2-1/2"]
[WhiteElo "1963"]
[BlackElo "2095"]
[PlyCount "109"]
[EventDate "2015.??.??"]

1. d4 d5 2. c4 e6 3. Nf3 Nf6 4. g3 c6 5. Bg2 Nbd7 6. Qc2 Be7 7. O-O O-O 8. Nbd2
a5 9. e4 b6 10. cxd5 cxd5 11. e5 Ne8 12. Re1 Ba6 13. Bf1 Rc8 14. Qb3 Bxf1 15.
Nxf1 Qc7 16. Bd2 Qc4 17. Qxc4 dxc4 18. Ne3 a4 19. Rac1 b5 20. b3 Ba3 21. Rc2
Nb6 22. bxc4 Nxc4 23. Nxc4 bxc4 24. Re3 Be7 25. Rec3 f6 26. Kg2 fxe5 27. dxe5
a3 28. Rxc4 Rb8 29. Nd4 Rb6 30. Rc6 Rb2 31. Bc1 Rb1 32. f4 Kf7 33. Nxe6 Rg8 34.
h4 h6 35. h5 g6 36. Nc7 gxh5 37. Nxe8 Kxe8 38. Rc8+ Kf7 39. Rxg8 Kxg8 40. Rc8+
Kf7 41. Rc3 Bb4 42. Rc6 Rb2+ 43. Kf3 Rxa2 44. f5 Bd2 45. Rc7+ Ke8 46. Bxd2 Rxd2
47. f6 Rd7 48. Rc3 Ra7 49. e6 Ra8 50. Rc1 a2 51. Ra1 Ra6 52. Kg2 Rxe6 53. Rxa2
Rxf6 54. Ra5 Kf7 55. Rxh5 1/2-1/2

[Event "NK senioren en veteranen 2015"]
[Site "Oosterbeek"]
[Date "2015.07.04"]
[Round "1"]
[White "Erwich, Frans"]
[Black "Jonkman, Fokke"]
[Result "0-1"]
[WhiteElo "1949"]
[BlackElo "2088"]
[PlyCount "72"]
[EventDate "2015.??.??"]

1. e4 c5 2. Nf3 g6 3. Nc3 Bg7 4. d4 cxd4 5. Nxd4 Nc6 6. Be3 Nf6 7. Be2 O-O 8.
O-O d5 9. exd5 Nxd5 10. Nxd5 Nxd4 11. Bxd4 Qxd5 12. Bxg7 Qxd1 13. Rfxd1 Kxg7
14. Bf3 Rb8 15. c4 Be6 16. Bd5 Bf5 17. g3 Rfc8 18. Rac1 Rc7 19. Rc3 b6 20. b4
Rd8 21. Rdc1 b5 22. Bf3 Rd4 23. cxb5 Rxc3 24. Rxc3 Rxb4 25. Be2 Rb1+ 26. Kg2
Rb2 27. Re3 Be6 28. a3 Bd5+ 29. Kh3 h5 30. f4 Be6+ 31. Kh4 Bc4 32. Rxe7 Bxe2
33. a4 Kf6 34. Rxa7 Bxb5 35. h3 Bf1 36. g4 Rb3 0-1

[Event "NK senioren en veteranen 2015"]
[Site "Oosterbeek"]
[Date "2015.07.04"]
[Round "1"]
[White "Perrenet, Jacob"]
[Black "Mostertman, Loek"]
[Result "1-0"]
[WhiteElo "2049"]
[BlackElo "1945"]
[PlyCount "41"]
[EventDate "2015.??.??"]

1. Nc3 d5 2. e4 dxe4 3. d4 exd3 4. Bxd3 e5 5. Qe2 Nc6 6. h3 Nf6 7. Bg5 Be7 8.
O-O-O Nd7 9. Bxe7 Qxe7 10. Nf3 O-O 11. Nd5 Qc5 12. Bxh7+ Kh8 13. Ng5 Nf6 14.
Nxf6 gxf6 15. Qh5 Kg7 16. Be4 f5 17. Qh7+ Kf6 18. Qh6+ Ke7 19. Nh7 Rg8 20. Qf6+
Ke8 21. Bxc6+ 1-0

[Event "NK senioren en veteranen 2015"]
[Site "Oosterbeek"]
[Date "2015.07.04"]
[Round "1"]
[White "Taal, Anne Paul"]
[Black "Houweling, Bert"]
[Result "1/2-1/2"]
[WhiteElo "1913"]
[BlackElo "2045"]
[PlyCount "77"]
[EventDate "2015.??.??"]

1. d4 Nf6 2. Nf3 c5 3. e3 g6 4. Bd3 d6 5. Nbd2 Bg7 6. O-O O-O 7. Re1 Nc6 8.
dxc5 dxc5 9. e4 Ng4 10. h3 Nge5 11. Nxe5 Nxe5 12. Be2 Be6 13. Nf1 Qc7 14. c3
Rad8 15. Qc2 c4 16. Be3 f5 17. Bd4 f4 18. Bxe5 Bxe5 19. Nd2 Rxd2 20. Qxd2 Qc8
21. Bg4 Bxg4 22. Qd5+ Be6 23. Qxe5 f3 24. Qg3 fxg2 25. Kxg2 Bxh3+ 26. Kh2 e5
27. Re3 Be6 28. Rf3 Rxf3 29. Qxf3 Qd8 30. Kg2 h5 31. Rd1 Qg5+ 32. Qg3 Qf6 33.
Rh1 Kh7 34. f3 Kh6 35. Qh4 Qf7 36. Qg3 Qf6 37. Qh4 Qf7 38. Qg3 Qf6 39. Qh4
1/2-1/2

[Event "NK senioren en veteranen 2015"]
[Site "Oosterbeek"]
[Date "2015.07.04"]
[Round "1"]
[White "Etmans, Maarten"]
[Black "Boersma, Jan"]
[Result "0-1"]
[WhiteElo "1987"]
[BlackElo "2145"]
[PlyCount "80"]
[EventDate "2015.??.??"]

1. e4 c5 2. b3 d6 3. Bb5+ Nd7 4. Bb2 Ngf6 5. Qe2 a6 6. Bxd7+ Bxd7 7. Nf3 Bc6 8.
d3 g6 9. O-O Bg7 10. c4 O-O 11. Nc3 Nh5 12. Qd2 b5 13. Ne2 e5 14. Nc3 f5 15.
Ne1 Nf4 16. g3 Nh3+ 17. Kg2 Ng5 18. f3 Ra7 19. h4 Ne6 20. Nc2 f4 21. g4 Qxh4
22. Qf2 Qxf2+ 23. Kxf2 b4 24. Ne2 a5 25. Rh1 a4 26. Kg2 Rfa8 27. Kf2 Bf6 28.
Kg2 Ng5 29. Kf2 Ne6 30. Kg2 Nd8 31. Rab1 Rg7 32. Nxf4 Bg5 33. Nd5 Ne6 34. Rhd1
Rf7 35. Kg3 Bxd5 36. cxd5 Nf4 37. Kf2 Raf8 38. Ne1 Bh4+ 39. Ke3 a3 40. Ba1 Bxe1
0-1

[Event "NK senioren en veteranen 2015"]
[Site "Oosterbeek"]
[Date "2015.07.04"]
[Round "1"]
[White "Pluymert, Piet"]
[Black "Hoogland, Dirk"]
[Result "1-0"]
[WhiteElo "1975"]
[BlackElo "2110"]
[PlyCount "101"]
[EventDate "2015.??.??"]

1. c4 c5 2. Nf3 Nc6 3. d4 cxd4 4. Nxd4 g6 5. e4 Nf6 6. Nc3 d6 7. Be2 Nxd4 8.
Qxd4 Bg7 9. Qd1 O-O 10. Be3 Be6 11. Rc1 Qa5 12. O-O Rfc8 13. b3 Nd7 14. Qd2 Nc5
15. f3 a6 16. Rfd1 b5 17. Nd5 Qxd2 18. Rxd2 Bxd5 19. cxd5 b4 20. Rdc2 Ra7 21.
Kf1 Bc3 22. Rxc3 bxc3 23. b4 Rb8 24. bxc5 dxc5 25. Rxc3 Rb1+ 26. Kf2 Rb2 27.
Rxc5 Ra8 28. a3 f6 29. Bc1 Ra2 30. Ke3 Rb8 31. Rc3 a5 32. d6 Kg7 33. d7 Rd8 34.
Bc4 Rxg2 35. Be6 f5 36. Rc8 Kf6 37. exf5 gxf5 38. Bxf5 Rgg8 39. Ke4 e6 40. Rc6
Rxd7 41. Rxe6+ Kf7 42. Re5 Re7 43. Rxe7+ Kxe7 44. h4 h5 45. Bd2 a4 46. Bb4+ Ke8
47. Ke5 Rg2 48. f4 Kf7 49. Be6+ Ke8 50. Kf6 Re2 51. f5 1-0

[Event "NK senioren en veteranen 2015"]
[Site "Oosterbeek"]
[Date "2015.07.04"]
[Round "1"]
[White "Van Duijn, Roel"]
[Black "Goossen, Theo"]
[Result "1-0"]
[WhiteElo "2094"]
[BlackElo "1962"]
[PlyCount "109"]
[EventDate "2015.??.??"]

1. e4 c5 2. a3 g6 3. Bc4 Bg7 4. Nc3 e6 5. d3 a6 6. Be3 b5 7. Ba2 d6 8. Qd2 Nc6
9. Nge2 Nf6 10. Bh6 O-O 11. Bxg7 Kxg7 12. Ng3 Rb8 13. O-O Nd4 14. Nce2 e5 15.
c3 Nxe2+ 16. Qxe2 h5 17. Rfd1 Qe7 18. f3 h4 19. Nf1 Nh5 20. Ne3 Nf4 21. Qd2 Rh8
22. d4 c4 23. b3 cxb3 24. Bxb3 Rh5 25. Ra2 Rg5 26. dxe5 dxe5 27. Qd8 Qa7 28.
Qxg5 Qxe3+ 29. Kh1 f6 30. Qxh4 Bh3 31. Qe1 Nxg2 32. Rxg2 Qxf3 33. Qe2 Bxg2+ 34.
Qxg2 Qxg2+ 35. Kxg2 Rc8 36. Rd3 Kh6 37. c4 bxc4 38. Rc3 Kg5 39. Rxc4 Rd8 40.
Rc3 Rd2+ 41. Kg3 f5 42. h4+ Kf6 43. Bd5 f4+ 44. Kg4 Rg2+ 45. Kh3 Rg1 46. Kh2
Rg4 47. Rh3 Ke7 48. Bb7 Kd7 49. Bxa6 f3 50. Bd3 Rg2+ 51. Kh1 Rg4 52. Rxf3 Rxh4+
53. Kg2 Ke7 54. a4 Rh8 55. a5 1-0

[Event "NK senioren en veteranen 2015"]
[Site "Oosterbeek"]
[Date "2015.07.04"]
[Round "1"]
[White "Van Leeuwen, E."]
[Black "Fassaert, D."]
[Result "1-0"]
[WhiteElo "2032"]
[BlackElo "1910"]
[PlyCount "97"]
[EventDate "2015.??.??"]

1. e4 c6 2. d4 d5 3. Nc3 dxe4 4. Nxe4 Nd7 5. Bc4 Ngf6 6. Ng5 e6 7. Qe2 Nb6 8.
Bb3 h6 9. N5f3 a5 10. a3 c5 11. Be3 Qc7 12. Ne5 Bd6 13. dxc5 Bxe5 14. cxb6 Qc6
15. O-O-O a4 16. Bc4 Ra5 17. Nf3 Nd7 18. Qd2 Qxc4 19. Qxa5 Bf6 20. Rd3 Qa2 21.
Kd2 Qxb2 22. Qxa4 O-O 23. Qb3 Qxb3 24. Rxb3 e5 25. Kc1 Nb8 26. Rd1 Nc6 27. Rd6
Be6 28. Rb5 Ra8 29. Rxc6 bxc6 30. b7 Rb8 31. Rb1 c5 32. Bxc5 Bd5 33. c4 Be4 34.
Bd6 Bxb1 35. Bxb8 Be4 36. Bxe5 Bxe5 37. Nxe5 Bxb7 38. g3 f6 39. Ng4 Kf7 40. Kd2
Ke6 41. Kd3 f5 42. Ne3 g5 43. f4 Be4+ 44. Kd4 Kd6 45. c5+ Kc6 46. Nc4 Bc2 47.
Ne5+ Kb5 48. Kd5 Bb3+ 49. Kd6 1-0

[Event "NK senioren en veteranen 2015"]
[Site "Oosterbeek, Netherlands"]
[Date "2015.07.05"]
[Round "2"]
[White "Van den Berg, Ad"]
[Black "Van Duijn, Roel"]
[Result "1-0"]
[WhiteElo "2199"]
[BlackElo "2094"]
[PlyCount "85"]
[EventDate "2015.??.??"]

1. e4 e6 2. d4 d5 3. Nc3 Nf6 4. e5 Nfd7 5. Nf3 c5 6. Bg5 Qb6 7. dxc5 Bxc5 8.
Qd2 Nc6 9. Bb5 Bb4 10. Bxc6 bxc6 11. O-O Rb8 12. a3 Bxc3 13. bxc3 O-O 14. Be7
Re8 15. Bd6 Rb7 16. h4 Nc5 17. Bxc5 Qxc5 18. h5 Bd7 19. h6 Qf8 20. hxg7 Qxg7
21. Rab1 Reb8 22. Rb4 c5 23. Rh4 f6 24. Qf4 fxe5 25. Nxe5 Be8 26. Rg4 Bg6 27.
Qg3 Qh8 28. Nxg6 hxg6 29. Rxg6+ Kf7 30. Re1 e5 31. Rg5 Qf6 32. Qxe5 Qxe5 33.
Rexe5 Rb2 34. Rxd5 Rxc2 35. Rgf5+ Ke6 36. Rxc5 Rb1+ 37. Kh2 Rxc3 38. Rxc3 Kxf5
39. Rc5+ Kg6 40. Ra5 Rb2 41. Kg3 Rb3+ 42. Kg4 Rb2 43. Ra6+ 1-0

[Event "NK senioren en veteranen 2015"]
[Site "Oosterbeek, Netherlands"]
[Date "2015.07.05"]
[Round "2"]
[White "Vogel, Jaap"]
[Black "Perrenet, Jacob"]
[Result "1-0"]
[WhiteElo "2173"]
[BlackElo "2049"]
[PlyCount "39"]
[EventDate "2015.??.??"]

1. d4 Nc6 2. Nf3 d5 3. Bf4 Bg4 4. e3 e6 5. Be2 Bd6 6. Bg3 Nf6 7. Nbd2 O-O 8. a3
Ne7 9. c4 Nf5 10. Qb3 Qe7 11. Be5 Ne4 12. Bxd6 cxd6 13. cxd5 exd5 14. Rd1 Rfe8
15. O-O Rac8 16. Rfe1 Nxf2 17. Kxf2 Nxe3 18. Bb5 Bxf3 19. Nxf3 Qe4 20. Rxe3 1-0

[Event "NK senioren en veteranen 2015"]
[Site "Oosterbeek, Netherlands"]
[Date "2015.07.05"]
[Round "2"]
[White "Jonkman, Fokke"]
[Black "Van Oosten, Arend"]
[Result "1-0"]
[WhiteElo "2088"]
[BlackElo "2154"]
[PlyCount "45"]
[EventDate "2015.??.??"]

1. c4 f5 2. e4 fxe4 3. Nc3 Nf6 4. d3 exd3 5. Bxd3 d6 6. Nf3 Nc6 7. O-O Bg4 8.
h3 Bxf3 9. Qxf3 Ne5 10. Qe2 Nxd3 11. Qxd3 Qd7 12. Bg5 O-O-O 13. Qe3 b6 14. a4
Qf5 15. a5 Qc5 16. Qe6+ Kb8 17. Be3 Qe5 18. Qxe5 dxe5 19. axb6 axb6 20. Ra6 e6
21. Rfa1 Bd6 22. Nb5 Rhe8 23. Bxb6 1-0

[Event "NK senioren en veteranen 2015"]
[Site "Oosterbeek, Netherlands"]
[Date "2015.07.05"]
[Round "2"]
[White "Boersma, Jan"]
[Black "Van Leeuwen, Etienne"]
[Result "1/2-1/2"]
[WhiteElo "2145"]
[BlackElo "2032"]
[PlyCount "31"]
[EventDate "2015.??.??"]

1. e4 d5 2. exd5 Nf6 3. c4 e6 4. d4 Bb4+ 5. Nc3 exd5 6. Bd3 O-O 7. Nge2 c5 8.
O-O cxd4 9. Nxd4 Nc6 10. Nxc6 bxc6 11. Bg5 h6 12. Bxf6 Qxf6 13. cxd5 Bxc3 14.
bxc3 cxd5 15. Qd2 Be6 16. Rac1 1/2-1/2

[Event "NK senioren en veteranen 2015"]
[Site "Oosterbeek, Netherlands"]
[Date "2015.07.05"]
[Round "2"]
[White "Lootsma, Jan"]
[Black "Homs, Guust"]
[Result "0-1"]
[WhiteElo "1986"]
[BlackElo "2188"]
[PlyCount "126"]
[EventDate "2015.??.??"]

1. e4 e5 2. Nf3 Nc6 3. Bc4 Bc5 4. c3 Nf6 5. d3 d6 6. b4 Bb6 7. a4 a6 8. Bg5 h6
9. Bh4 Qe7 10. Nbd2 Be6 11. Qb3 O-O 12. O-O Kh7 13. Rfe1 Rg8 14. Nf1 g5 15. Bg3
Nh5 16. Ne3 Bxe3 17. fxe3 Bxc4 18. Qxc4 Nxg3 19. hxg3 Rgf8 20. d4 f6 21. Qe2
Qf7 22. Nd2 a5 23. b5 Ne7 24. Rf1 Qe6 25. c4 b6 26. Rf2 Kg6 27. g4 Rh8 28. Nf1
h5 29. gxh5+ Rxh5 30. Ng3 Rh7 31. Raf1 Rf8 32. Rf3 Kg7 33. Nf5+ Nxf5 34. Rxf5
Rh4 35. Qf3 Rfh8 36. d5 Rh1+ 37. Kf2 Rxf1+ 38. Kxf1 Rh1+ 39. Kf2 Qf7 40. Ke2
Qg6 41. Kd3 Qh6 42. Kc2 Re1 43. Qg4 Qh4 44. Qf3 g4 45. Qf2 Qxf2+ 46. Rxf2 Rxe3
47. Rf1 Rxe4 48. Kd3 Rd4+ 49. Kc3 Rf4 50. Rg1 f5 51. Kd3 Rd4+ 52. Kc3 f4 53.
Rh1 Re4 54. Rh4 Re3+ 55. Kd2 Rg3 56. Rh2 Ra3 57. Rh5 Ra2+ 58. Kd3 Rxg2 59. Ke4
Kg6 60. Rh8 Re2+ 61. Kd3 f3 62. Rc8 e4+ 63. Kd4 f2 0-1

[Event "NK senioren en veteranen 2015"]
[Site "Oosterbeek, Netherlands"]
[Date "2015.07.05"]
[Round "2"]
[White "Holscher, Peter"]
[Black "Schouten, Nico"]
[Result "1/2-1/2"]
[WhiteElo "1979"]
[BlackElo "2143"]
[PlyCount "132"]
[EventDate "2015.??.??"]

1. d4 Nf6 2. Nf3 g6 3. g3 Bg7 4. c4 c5 5. Bg2 Na6 6. Nc3 O-O 7. O-O d6 8. h3
Bd7 9. b3 Bc6 10. Bb2 Ne4 11. Nxe4 Bxe4 12. Qd2 Rb8 13. Rac1 b6 14. Rfd1 Qc8
15. Kh2 Nb4 16. Bc3 Nc6 17. dxc5 bxc5 18. Bxg7 Kxg7 19. Qe3 Bxf3 20. Bxf3 Re8
21. Rd2 Qc7 22. Rcd1 Rb6 23. Rxd6 Nd4 24. Rxb6 axb6 25. Bg2 Kg8 26. Qd3 Rd8 27.
Kh1 Rd6 28. Re1 Qa7 29. Qb1 Qa3 30. e3 Ne6 31. Re2 Nc7 32. Kh2 Ne6 33. h4 h6
34. Qc2 Qa5 35. f4 Ng7 36. g4 Qa7 37. Rd2 Qd7 38. Rxd6 Qxd6 39. Qe4 h5 40. gxh5
Nxh5 41. Qd5 Qf6 42. Qg5 Qb2 43. Qxe7 Qf2 44. Qe8+ Kg7 45. Qe5+ Kh7 46. Qg5
Qxe3 47. f5 Qxg5 48. hxg5 gxf5 49. Bf3 Nf4 50. Kg3 Nd3 51. a3 Kg6 52. Kh4 f6
53. Bh5+ Kg7 54. Be2 Nf4 55. Bf3 Ne6 56. gxf6+ Kxf6 57. b4 Ke5 58. Bd5 Nd4 59.
bxc5 bxc5 60. Kg3 Kd6 61. Kf4 Kc7 62. Ke5 Kb6 63. Bf7 Ka5 64. Be8 Nc2 65. Kd6
Kb6 66. a4 Ne3 1/2-1/2

[Event "NK senioren en veteranen 2015"]
[Site "Oosterbeek, Netherlands"]
[Date "2015.07.05"]
[Round "2"]
[White "Van Lanen, Toon"]
[Black "Pols, Leendert"]
[Result "1-0"]
[WhiteElo "2141"]
[BlackElo "1963"]
[PlyCount "83"]
[EventDate "2015.??.??"]

1. e4 e6 2. d4 d5 3. Nc3 Bb4 4. exd5 exd5 5. Bd3 Ne7 6. Qh5 c5 7. dxc5 Nd7 8.
Nf3 Nf6 9. Qh4 Bxc3+ 10. bxc3 Qa5 11. Qb4 Nc6 12. Bb5 Qc7 13. O-O O-O 14. Bxc6
bxc6 15. Bf4 Qb7 16. Nd4 Qa6 17. Rfe1 Bd7 18. f3 Rfe8 19. a4 h6 20. Kf2 Kh7 21.
Rxe8 Rxe8 22. Re1 Be6 23. Re3 Qc8 24. Qa5 Re7 25. Nf5 Rd7 26. Nd4 Kg6 27. h3
Kh7 28. Re2 Kg8 29. Re1 Kh7 30. Rb1 Rb7 31. Rb3 Nd7 32. Bd6 Nf6 33. Rb4 Ne8 34.
Bf4 Qd7 35. Qa6 Rxb4 36. cxb4 Bf5 37. c3 g5 38. Bg3 Bg6 39. Qxc6 Qe7 40. Qxd5
Nf6 41. Qe5 Qd8 42. Qd6 1-0

[Event "NK senioren en veteranen 2015"]
[Site "Oosterbeek, Netherlands"]
[Date "2015.07.05"]
[Round "2"]
[White "Huysman, Arie"]
[Black "Stap, Kees"]
[Result "0-1"]
[WhiteElo "2020"]
[BlackElo "2132"]
[PlyCount "64"]
[EventDate "2015.??.??"]

1. e4 g6 2. d4 Bg7 3. Be3 d6 4. f3 c6 5. c4 e5 6. Qd2 f5 7. dxe5 Bxe5 8. f4 Bg7
9. Nc3 Nf6 10. exf5 Bxf5 11. O-O-O O-O 12. h3 Qe7 13. Bd3 Ne4 14. Bxe4 Bxe4 15.
Rh2 d5 16. Bd4 Na6 17. Bxg7 Kxg7 18. cxd5 cxd5 19. Qd4+ Kh6 20. Nge2 Rac8 21.
g4 g5 22. h4 gxf4 23. g5+ Kh5 24. Qf2 Qe5 25. Qd4 Qc7 26. Rg1 Nc5 27. g6 hxg6
28. Rg5+ Kh6 29. Qg1 Ne6 30. h5 Nxg5 31. hxg6+ Kxg6 32. Nd4 Qe5 0-1

[Event "NK senioren en veteranen 2015"]
[Site "Oosterbeek, Netherlands"]
[Date "2015.07.05"]
[Round "2"]
[White "Markus, John"]
[Black "Taal, Anne Paul"]
[Result "1-0"]
[WhiteElo "2095"]
[BlackElo "1913"]
[PlyCount "91"]
[EventDate "2015.??.??"]

1. d4 c5 2. d5 f5 3. e4 d6 4. exf5 Bxf5 5. Bd3 Bxd3 6. Qxd3 Na6 7. a3 Nc7 8. c4
Qd7 9. Nc3 g6 10. Nge2 Nh6 11. O-O Bg7 12. Rb1 O-O 13. b4 b6 14. Ne4 Rad8 15.
bxc5 dxc5 16. Bg5 Nf5 17. Rbd1 Ne6 18. g4 Nxg5 19. Nxg5 Nd4 20. Nxd4 Qxg4+ 21.
Qg3 Qxg3+ 22. hxg3 Bxd4 23. Ne6 Rd6 24. Nxf8 Kxf8 25. Rd3 e6 26. dxe6 Ke7 27.
Kg2 Rxe6 28. Kf3 h5 29. Rdd1 Kf6 30. Rfe1 Rd6 31. a4 Kg5 32. Kg2 h4 33. gxh4+
Kxh4 34. Re7 a5 35. Rd3 Kg5 36. Rf7 Rf6 37. Rxf6 Bxf6 38. Rd6 Bc3 39. Rxb6 Kf5
40. Rb5 Bb4 41. Kf3 g5 42. Rb8 Bc3 43. Rf8+ Ke5 44. Rd8 Bd4 45. Rd5+ Kf6 46.
Rxd4 1-0

[Event "NK senioren en veteranen 2015"]
[Site "Oosterbeek, Netherlands"]
[Date "2015.07.05"]
[Round "2"]
[White "Houweling, Bert"]
[Black "Caljé, Tom"]
[Result "0-1"]
[WhiteElo "2045"]
[BlackElo "1983"]
[PlyCount "60"]
[EventDate "2015.??.??"]

1. e4 e5 2. Nf3 Nc6 3. d4 exd4 4. Nxd4 Bc5 5. Be3 Qf6 6. c3 Nge7 7. Bc4 d6 8.
O-O O-O 9. Nxc6 Nxc6 10. Bxc5 dxc5 11. f4 Be6 12. Bd3 Rad8 13. Qe2 Bg4 14. Qe3
Rfe8 15. Na3 Qd6 16. Bc2 b6 17. Qg3 Be2 18. Rf2 Qd2 19. h3 Nb4 20. Ba4 Rxe4 21.
cxb4 cxb4 22. Bc6 Re3 23. Qh4 bxa3 24. bxa3 Rd6 25. Bf3 Qd4 26. Bxe2 Qxa1+ 27.
Kh2 Qe1 28. Bc4 Rd2 29. Qh5 g6 30. Bxf7+ Kg7 0-1

[Event "NK senioren en veteranen 2015"]
[Site "Oosterbeek, Netherlands"]
[Date "2015.07.05"]
[Round "2"]
[White "Hoogland, Dirk"]
[Black "Landsbergen, Ron"]
[Result "1/2-1/2"]
[WhiteElo "2110"]
[BlackElo "1963"]
[PlyCount "28"]
[EventDate "2015.??.??"]

1. e4 e5 2. Nf3 Nc6 3. d4 exd4 4. Bc4 Nf6 5. e5 Ne4 6. O-O Be7 7. c3 d5 8. exd6
Nxd6 9. Bd5 dxc3 10. Bxc6+ bxc6 11. Nxc3 O-O 12. Ne5 Bb7 13. Qa4 Bf6 14. Bf4
Bxe5 1/2-1/2